[Event "Brasschaat op 03rd"]
[Site "Brasschaat"]
[Date "2003.08.27"]
[Round "5"]
[White "Meulenbergs, Jef"]
[Black "De Smet, Eugene"]
[Result "0-1"]
[WhiteElo "1793"]
[BlackElo "1603"]
[PlyCount "114"]
[EventDate "2003.08.24"]
[EventType "swiss"]
[EventRounds "9"]
[EventCountry "BEL"]
[SourceTitle "EXT 2017"]
[Source "ChessBase"]
[SourceDate "2016.10.25"]
[SourceVersion "1"]
[SourceVersionDate "2016.10.25"]
[SourceQuality "1"]

1. c4 b6 2. Nc3 e6 3. e4 Bb7 4. d4 Bb4 5. Nge2 d5 6. cxd5 exd5 7. e5 c5 8. Be3 Ne7 9. g3 Na6 10. Bg2 Nc7 11. 0-0 Nf5 12. Qa4+ Qd7 13. Qxd7+ Kxd7 14. dxc5 bxc5 15. Bh3 g6 16. a3 Bxc3 17. bxc3 Ba6 18. Rfe1 Kc6 19. Bxf5 gxf5 20. Nf4 Rae8 21. Bd2 Bc4 22. Ng2 Rb8 23. Rec1 Rb2 24. Bh6 Rhb8 25. Nh4 Bd3 26. Nf3 Ne6 27. Ne1 Be4 28. f3 Bb1 29. a4 d4 30. cxd4 Nxd4 31. Kh1 R8b3 32. Bf8 Nc2 33. Nxc2 Bxc2 34. Kg2 Bd3+ 35. Kh3 c4 36. Ra3 Kd5 37. Rxb3 Rxb3 38. Kh4 c3 39. Kg5 c2 40. Kf6 Rb6+ 41. Kxf7 Rg6 42. Ba3 Kxe5 43. a5 Kd4 44. Re1 Kc3 45. Bc1 Rd6 46. Re7 Bc4+ 47. Kg7 Rd1 48. Bf4 Rd2 49. Re1 Rd1 50. Re7 Rd2 51. Re1 Be2 52. Kxh7 Kd3 53. Ra1 Rd1 54. Ra3+ Kc4 55. Re3 c1Q 56. Re4+ fxe4 57. Bxc1 Rxc1 0-1

[Event "Brasschaat op 03rd"]
[Site "Brasschaat"]
[Date "2003.08.??"]
[Round "1"]
[White "De Combes, Fernand"]
[Black "De Smet, Eugene"]
[Result "1-0"]
[WhiteElo "2085"]
[BlackElo "1603"]
[PlyCount "46"]
[EventDate "2003.08.24"]
[EventType "swiss"]
[EventRounds "9"]
[EventCountry "BEL"]
[SourceTitle "EXT 2017"]
[Source "ChessBase"]
[SourceDate "2016.10.25"]
[SourceVersion "1"]
[SourceVersionDate "2016.10.25"]
[SourceQuality "1"]

1. c4 Nf6 2. Nc3 c5 3. g3 g6 4. Bg2 Bg7 5. d3 d6 6. Bg5 h6 7. Bd2 Nbd7 8. Qc1 Rb8 9. a3 a6 10. b4 b5 11. f4 Bb7 12. e4 e5 13. Nge2 0-0 14. 0-0 Kh7 15. f5 Ng8 16. g4 g5 17. Ng3 Ngf6 18. Bf3 Ng8 19. Kg2 f6 20. Rh1 Rf7 21. h4 Qf8 22. hxg5 fxg5 23. Bxg5 Bf6 1-0

[Event "Brasschaat op 03rd"]
[Site "Brasschaat"]
[Date "2003.08.??"]
[Round "8"]
[White "De Smet, Eugene"]
[Black "Huyck, Walter"]
[Result "1/2-1/2"]
[WhiteElo "1603"]
[BlackElo "1891"]
[PlyCount "53"]
[EventDate "2003.08.24"]
[EventType "swiss"]
[EventRounds "9"]
[EventCountry "BEL"]
[SourceTitle "EXT 2017"]
[Source "ChessBase"]
[SourceDate "2016.10.25"]
[SourceVersion "1"]
[SourceVersionDate "2016.10.25"]
[SourceQuality "1"]

1. e4 c6 2. d3 e5 3. g3 Nf6 4. Bg2 h6 5. Nf3 d6 6. 0-0 Bg4 7. h3 Bh5 8. g4 Bg6 9. Nh4 Bh7 10. Nf5 Nbd7 11. f4 Bxf5 12. exf5 Qb6+ 13. Kh2 0-0-0 14. Nd2 d5 15. Nb3 Bd6 16. Qf3 Qc7 17. Kh1 exf4 18. Bxf4 Bxf4 19. Qxf4 Qxf4 20. Rxf4 Rhe8 21. Kg1 Re7 22. Kf1 Rde8 23. Nd4 Nh7 24. Nf3 Ne5 25. Nd4 Nd7 26. Nf3 Ne5 27. Nd4 1/2-1/2